Detalles MARC
| 000 -LEADER |
| campo de control de longitud fija |
08214cam a22010574i 4500 |
| 001 - NÚMERO DE CONTROL |
| campo de control |
u27201 |
| 003 - IDENTIFICADOR DE NÚMERO DE CONTROL |
| campo de control |
PE-LiUPU |
| 005 - FECHA Y HORA DE LA ÚLTIMA TRANSACCIÓN |
| campo de control |
20250731173139.0 |
| 008 - DATOS DE LONGITUD FIJA--INFORMACIÓN GENERAL |
| campo de control de longitud fija |
150623s2002 ag a r 000 0 spa d |
| 020 ## - NÚMERO INTERNACIONAL ESTÁNDAR DEL LIBRO |
| Número Internacional Estándar del Libro |
950573915X |
| 035 ## - NÚMERO DE CONTROL DEL SISTEMA |
| Número de control de sistema |
(Sirsi) i9789505739158 |
| 040 ## - FUENTE DE CATALOGACIÓN |
| Centro catalogador/agencia de origen |
PE-LiUPU |
| Lengua de catalogación |
spa |
| Centro/agencia transcriptor |
PE-LiUPU |
| Normas de descripción |
rda |
| 041 1# - CÓDIGO DE IDIOMA |
| Código de lengua del texto/banda sonora o título independiente |
spa |
| Código de lengua original |
eng |
| 049 ## - FONDOS LOCALES (OCLC) |
| Biblioteca depositaria |
PRUA |
| 050 ## - SIGNATURA TOPOGRÁFICA DE LA BIBLIOTECA DEL CONGRESO |
| Número de clasificación |
BX6147 |
| Número de ítem |
.M41 |
| 082 04 - NÚMERO DE LA CLASIFICACIÓN DECIMAL DEWEY |
| Número de clasificación |
286.7325 |
| Cutter |
MM |
| Número de edición |
21 |
| 082 04 - NÚMERO DE LA CLASIFICACIÓN DECIMAL DEWEY |
| Número de clasificación |
W286.7325 MM 2002 |
| 100 1# - ENTRADA PRINCIPAL--NOMBRE DE PERSONA |
| Nombre de persona |
White, Elena G. de, |
| Término indicativo de función/relación |
autor. |
| 245 13 - MENCIÓN DEL TÍTULO |
| Título |
El ministerio médico / |
| Mención de responsabilidad, etc. |
Elena G. de White. |
| 264 #1 - PRODUCCIÓN, PUBLICACIÓN, DISTRIBUCIÓN, FABRICACIÓN Y COPYRIGHT |
| Producción, publicación, distribución, fabricación y copyright |
Buenos Aires, Argentina : |
| Nombre del de productor, editor, distribuidor, fabricante |
Asociación Casa Editora Sudamericana, |
| Fecha de producción, publicación, distribución, fabricación o copyright |
2002. |
| 300 ## - DESCRIPCIÓN FÍSICA |
| Extensión |
470 páginas ; |
| Dimensiones |
18 centímetros |
| 336 ## - TIPO DE CONTENIDO |
| Término de tipo de contenido |
text |
| Fuente |
rdacontent |
| 337 ## - TIPO DE MEDIO |
| Nombre/término del tipo de medio |
unmediated |
| Fuente |
rdamedia |
| 338 ## - TIPO DE SOPORTE |
| Nombre/término del tipo de soporte |
volume |
| Fuente |
rdacarrier |
| 505 0# - NOTA DE CONTENIDO CON FORMATO |
| Nota de contenido con formato |
El poder de curación y su fuente -- El plan divino en la obra médica misionera -- El médico cristiano y su labor -- Nuestra facultad de medicina -- Una advertencia contra la sofistería espiritista -- Sistemas de cura mental verdaderos y falsos -- Honorarios y sueldos. Concejos y amonestaciones -- La administración de los sanatorios -- Oportunidades para el ministerio en los hospitales y los sanatorios -- La familia del sanatorio -- Prevención de enfermedades y su tratamiento por métodos racionales -- La obra médica misionera y el ministerio de evangelio -- Enseñanza de los principios de salud -- El régimen alimentario y la salud -- La salud del obrero -- Obra médica misionera en grandes ciudades -- La extensión de la obra. |
| 526 ## - NOTA DE INFORMACIÓN SOBRE EL PROGRAMA DE ESTUDIO |
| Nombre del programa |
Segunda Especialidad En Profecías Bíblicas |
| 526 ## - NOTA DE INFORMACIÓN SOBRE EL PROGRAMA DE ESTUDIO |
| Nombre del programa |
Segunda Especialidad En Nuevo Testamento |
| 526 ## - NOTA DE INFORMACIÓN SOBRE EL PROGRAMA DE ESTUDIO |
| Nombre del programa |
Segunda Especialidad En Antiguo Testamento |
| 526 ## - NOTA DE INFORMACIÓN SOBRE EL PROGRAMA DE ESTUDIO |
| Nombre del programa |
Segunda Especialidad En Estudios Adventistas |
| 526 ## - NOTA DE INFORMACIÓN SOBRE EL PROGRAMA DE ESTUDIO |
| Nombre del programa |
Doctorado en teología |
| 526 ## - NOTA DE INFORMACIÓN SOBRE EL PROGRAMA DE ESTUDIO |
| Nombre del programa |
Maestría en teología histórica |
| 526 ## - NOTA DE INFORMACIÓN SOBRE EL PROGRAMA DE ESTUDIO |
| Nombre del programa |
Maestría en teología bíblica |
| 526 ## - NOTA DE INFORMACIÓN SOBRE EL PROGRAMA DE ESTUDIO |
| Nombre del programa |
Maestría en teología |
| 526 ## - NOTA DE INFORMACIÓN SOBRE EL PROGRAMA DE ESTUDIO |
| Nombre del programa |
Maestría en misionología |
| 526 ## - NOTA DE INFORMACIÓN SOBRE EL PROGRAMA DE ESTUDIO |
| Nombre del programa |
Maestría en liderazgo eclesiástico |
| 526 ## - NOTA DE INFORMACIÓN SOBRE EL PROGRAMA DE ESTUDIO |
| Nombre del programa |
Teología |
| 534 ## - NOTA SOBRE LA VERSIÓN ORIGINAL |
| Encabezamiento principal del original |
Título original :tMedical Ministry |
| 541 ## - NOTA DE FUENTE DE ADQUISICIÓN DIRECTA |
| -- |
0800-00000010; |
| 596 ## - |
| -- |
1 2 3 4 |
| 650 04 - PUNTO DE ACCESO ADICIONAL DE MATERIA--TÉRMINO DE MATERIA |
| Término de materia o nombre geográfico como elemento de entrada |
Cristianismo y medicina. |
| 650 04 - PUNTO DE ACCESO ADICIONAL DE MATERIA--TÉRMINO DE MATERIA |
| Término de materia o nombre geográfico como elemento de entrada |
Ministerio médico. |
| 856 42 - LOCALIZACIÓN Y ACCESO ELECTRÓNICOS |
| Identificador Uniforme de Recursos |
<a href="https://media2.egwwritings.org/swf/es_MM(MM)/index.html">https://media2.egwwritings.org/swf/es_MM(MM)/index.html</a> |
| 856 42 - LOCALIZACIÓN Y ACCESO ELECTRÓNICOS |
| Identificador Uniforme de Recursos |
<a href="https://media2.egwwritings.org/swf/es_MM(MM)/index.html">https://media2.egwwritings.org/swf/es_MM(MM)/index.html</a> |
| 856 42 - LOCALIZACIÓN Y ACCESO ELECTRÓNICOS |
| Identificador Uniforme de Recursos |
<a href="https://media2.egwwritings.org/swf/es_MM(MM)/index.html">https://media2.egwwritings.org/swf/es_MM(MM)/index.html</a> |
| 856 42 - LOCALIZACIÓN Y ACCESO ELECTRÓNICOS |
| Identificador Uniforme de Recursos |
<a href="https://media2.egwwritings.org/swf/es_MM(MM)/index.html">https://media2.egwwritings.org/swf/es_MM(MM)/index.html</a> |
| 856 42 - LOCALIZACIÓN Y ACCESO ELECTRÓNICOS |
| Identificador Uniforme de Recursos |
<a href="https://media2.egwwritings.org/swf/es_MM(MM)/index.html">https://media2.egwwritings.org/swf/es_MM(MM)/index.html</a> |
| 856 42 - LOCALIZACIÓN Y ACCESO ELECTRÓNICOS |
| Identificador Uniforme de Recursos |
<a href="https://media2.egwwritings.org/swf/es_MM(MM)/index.html">https://media2.egwwritings.org/swf/es_MM(MM)/index.html</a> |
| 856 42 - LOCALIZACIÓN Y ACCESO ELECTRÓNICOS |
| Identificador Uniforme de Recursos |
<a href="https://media2.egwwritings.org/swf/es_MM(MM)/index.html">https://media2.egwwritings.org/swf/es_MM(MM)/index.html</a> |
| 856 42 - LOCALIZACIÓN Y ACCESO ELECTRÓNICOS |
| Identificador Uniforme de Recursos |
<a href="https://media2.egwwritings.org/swf/es_MM(MM)/index.html">https://media2.egwwritings.org/swf/es_MM(MM)/index.html</a> |
| 856 42 - LOCALIZACIÓN Y ACCESO ELECTRÓNICOS |
| Identificador Uniforme de Recursos |
<a href="https://media2.egwwritings.org/swf/es_MM(MM)/index.html">https://media2.egwwritings.org/swf/es_MM(MM)/index.html</a> |
| 856 42 - LOCALIZACIÓN Y ACCESO ELECTRÓNICOS |
| Identificador Uniforme de Recursos |
<a href="https://media2.egwwritings.org/swf/es_MM(MM)/index.html">https://media2.egwwritings.org/swf/es_MM(MM)/index.html</a> |
| 856 42 - LOCALIZACIÓN Y ACCESO ELECTRÓNICOS |
| Identificador Uniforme de Recursos |
<a href="https://media2.egwwritings.org/swf/es_MM(MM)/index.html">https://media2.egwwritings.org/swf/es_MM(MM)/index.html</a> |
| 856 42 - LOCALIZACIÓN Y ACCESO ELECTRÓNICOS |
| Identificador Uniforme de Recursos |
<a href="https://media2.egwwritings.org/swf/es_MM(MM)/index.html">https://media2.egwwritings.org/swf/es_MM(MM)/index.html</a> |
| 856 42 - LOCALIZACIÓN Y ACCESO ELECTRÓNICOS |
| Identificador Uniforme de Recursos |
<a href="https://media2.egwwritings.org/swf/es_MM(MM)/index.html">https://media2.egwwritings.org/swf/es_MM(MM)/index.html</a> |
| 856 42 - LOCALIZACIÓN Y ACCESO ELECTRÓNICOS |
| Identificador Uniforme de Recursos |
<a href="https://media2.egwwritings.org/swf/es_MM(MM)/index.html">https://media2.egwwritings.org/swf/es_MM(MM)/index.html</a> |
| 856 42 - LOCALIZACIÓN Y ACCESO ELECTRÓNICOS |
| Identificador Uniforme de Recursos |
<a href="https://media2.egwwritings.org/swf/es_MM(MM)/index.html">https://media2.egwwritings.org/swf/es_MM(MM)/index.html</a> |
| 856 42 - LOCALIZACIÓN Y ACCESO ELECTRÓNICOS |
| Identificador Uniforme de Recursos |
<a href="https://media2.egwwritings.org/swf/es_MM(MM)/index.html">https://media2.egwwritings.org/swf/es_MM(MM)/index.html</a> |
| 942 ## - ELEMENTOS DE ENTRADA SECUNDARIOS (KOHA) |
| Fuente del sistema de clasificación o colocación |
Clasificación Decimal Dewey |
| Tipo de ítem Koha |
|
| 994 ## - |
| -- |
C0 |
| -- |
PEPRU |
| 949 ## - PROCESAMIENTO DE INFORMACIÓN LOCAL (OCLC) |
| a |
286.7325 MM 2002 |
| w |
DEWEY |
| c |
1 |
| i |
CW52484 |
| l |
CIAE1 |
| m |
BWL |
| p |
10.00 |
| r |
1 |
| s |
Y |
| t |
BOOK |
| u |
2015-6-24 |
| x |
WHITE |
| z |
UNKNOWN |
| 0 |
COMPRA |
| o |
.STAFF. Centro White |
| 949 ## - PROCESAMIENTO DE INFORMACIÓN LOCAL (OCLC) |
| a |
286.7325 MM 2002 |
| w |
DEWEY |
| c |
2 |
| i |
CW59475 |
| l |
CCODEBUL1 |
| m |
BWL |
| p |
10.00 |
| r |
1 |
| s |
Y |
| t |
BOOK |
| u |
2017-10-30 |
| x |
WHITE |
| z |
UNKNOWN |
| 0 |
COMPRA |
| o |
.STAFF. Centro White |
| 949 ## - PROCESAMIENTO DE INFORMACIÓN LOCAL (OCLC) |
| a |
286.7325 MM |
| w |
DEWEY |
| c |
1 |
| i |
52483 |
| d |
2018-5-9 |
| f |
2018-2-7 |
| g |
2 |
| l |
CCODEBUL1 |
| m |
BUL |
| p |
10.00 |
| q |
1 |
| r |
0 |
| s |
Y |
| t |
BOOK |
| u |
2015-6-24 |
| x |
TEOLOGIA |
| -- |
P35 |
| 0 |
COMPRA |
| o |
.STAFF. Colección General |
| 949 ## - PROCESAMIENTO DE INFORMACIÓN LOCAL (OCLC) |
| a |
286.7325 MM |
| w |
DEWEY |
| c |
10 |
| i |
72134 |
| d |
2016-5-3 |
| e |
2016-5-3 |
| f |
2018-2-7 |
| g |
2 |
| l |
CCODEBUL1 |
| m |
BUL |
| n |
1 |
| p |
6.75 |
| r |
0 |
| s |
Y |
| t |
BOOK |
| u |
2015-11-24 |
| x |
TEOLOGIA |
| -- |
P35 |
| 0 |
COMPRA |
| o |
.STAFF. Colección Teología |
| 949 ## - PROCESAMIENTO DE INFORMACIÓN LOCAL (OCLC) |
| a |
286.7325 MM |
| w |
DEWEY |
| c |
3 |
| i |
52485 |
| d |
2018-4-10 |
| e |
2017-2-9 |
| f |
2018-2-7 |
| g |
2 |
| l |
CCODEBUL1 |
| m |
BUL |
| n |
1 |
| p |
10.00 |
| q |
1 |
| r |
0 |
| s |
Y |
| t |
BOOK |
| u |
2015-6-24 |
| x |
TEOLOGIA |
| -- |
P35 |
| 0 |
COMPRA |
| o |
.STAFF. Colección Teología |
| 949 ## - PROCESAMIENTO DE INFORMACIÓN LOCAL (OCLC) |
| a |
286.7325 MM |
| w |
DEWEY |
| c |
4 |
| i |
72128 |
| d |
2018-4-1 |
| e |
2018-3-28 |
| f |
2018-2-7 |
| g |
2 |
| l |
CCODEBUL1 |
| m |
BUL |
| n |
1 |
| p |
6.75 |
| r |
0 |
| s |
Y |
| t |
BOOK |
| u |
2015-11-24 |
| x |
TEOLOGIA |
| z |
UNKNOWN |
| 0 |
COMPRA |
| o |
.STAFF. Colección General |
| 949 ## - PROCESAMIENTO DE INFORMACIÓN LOCAL (OCLC) |
| a |
286.7325 MM |
| w |
DEWEY |
| c |
5 |
| i |
72129 |
| d |
2018-4-1 |
| e |
2018-3-28 |
| f |
2018-2-7 |
| g |
2 |
| l |
CCODEBUL1 |
| m |
BUL |
| n |
1 |
| p |
6.75 |
| r |
0 |
| s |
Y |
| t |
BOOK |
| u |
2015-11-24 |
| x |
TEOLOGIA |
| z |
UNKNOWN |
| 0 |
COMPRA |
| o |
.STAFF. Colección General |
| 949 ## - PROCESAMIENTO DE INFORMACIÓN LOCAL (OCLC) |
| a |
286.7325 MM |
| w |
DEWEY |
| c |
6 |
| i |
72130 |
| d |
2018-5-2 |
| e |
2018-4-29 |
| f |
2018-2-7 |
| g |
2 |
| l |
CCODEBUL1 |
| m |
BUL |
| n |
2 |
| p |
6.75 |
| r |
0 |
| s |
Y |
| t |
BOOK |
| u |
2015-11-24 |
| x |
TEOLOGIA |
| z |
UNKNOWN |
| 0 |
COMPRA |
| o |
.STAFF. Colección General |
| 949 ## - PROCESAMIENTO DE INFORMACIÓN LOCAL (OCLC) |
| a |
286.7325 MM |
| w |
DEWEY |
| c |
7 |
| i |
72131 |
| d |
2018-4-23 |
| e |
2018-4-19 |
| f |
2018-2-7 |
| g |
2 |
| l |
CCODEBUL1 |
| m |
BUL |
| n |
1 |
| p |
6.75 |
| r |
0 |
| s |
Y |
| t |
BOOK |
| u |
2015-11-24 |
| x |
TEOLOGIA |
| z |
UNKNOWN |
| 0 |
COMPRA |
| o |
.STAFF. Colección General |
| 949 ## - PROCESAMIENTO DE INFORMACIÓN LOCAL (OCLC) |
| a |
286.7325 MM |
| w |
DEWEY |
| c |
8 |
| i |
72132 |
| d |
2018-4-24 |
| e |
2018-4-22 |
| f |
2018-2-7 |
| g |
2 |
| l |
CCODEBUL1 |
| m |
BUL |
| n |
4 |
| p |
6.75 |
| r |
0 |
| s |
Y |
| t |
BOOK |
| u |
2015-11-24 |
| x |
TEOLOGIA |
| -- |
P35 |
| 0 |
COMPRA |
| o |
.STAFF. Colección Teología |
| 949 ## - PROCESAMIENTO DE INFORMACIÓN LOCAL (OCLC) |
| a |
286.7325 MM |
| w |
DEWEY |
| c |
9 |
| i |
72133 |
| f |
2018-2-7 |
| g |
2 |
| l |
CCODEBUL1 |
| m |
BUL |
| p |
6.75 |
| r |
0 |
| s |
Y |
| t |
BOOK |
| u |
2015-11-24 |
| x |
TEOLOGIA |
| z |
UNKNOWN |
| 0 |
COMPRA |
| o |
.STAFF. Colección General |
| 949 ## - PROCESAMIENTO DE INFORMACIÓN LOCAL (OCLC) |
| a |
W286.7325 MM 2002 |
| w |
DEWEY |
| c |
1 |
| i |
FJ09584 |
| d |
2018-3-21 |
| e |
2018-3-19 |
| f |
2017-12-29 |
| g |
1 |
| l |
CCODEBUJ1 |
| m |
BUJ |
| n |
1 |
| p |
30.00 |
| r |
0 |
| s |
Y |
| t |
BOOK |
| u |
2017-12-13 |
| x |
BIBLIOTECA |
| z |
UNKNOWN |
| 0 |
COMPRA |
| o |
.STAFF. Colección General Juliaca |
| 949 ## - PROCESAMIENTO DE INFORMACIÓN LOCAL (OCLC) |
| a |
W286.7325 MM 2002 |
| w |
DEWEY |
| c |
1 |
| i |
FT02265 |
| d |
2018-5-30 |
| e |
2018-5-29 |
| l |
CCODEBUT1 |
| m |
BUT |
| n |
3 |
| p |
3.00 |
| r |
0 |
| s |
Y |
| t |
BOOK |
| u |
2016-10-26 |
| x |
BIBLIOTECA |
| z |
UNKNOWN |
| 0 |
DONACION |
| o |
.STAFF. Colección General |
| 999 ## - NÚMEROS DE CONTROL DE SISTEMA (KOHA) |
| -- |
DEWEY |
| -- |
52483 |
| -- |
2021-11-11 |
| -- |
5 |
| -- |
CCODEBUL1 |
| -- |
BUL |
| -- |
10.00 |
| -- |
4 |
| -- |
0 |
| -- |
Y |
| -- |
BOOK |
| -- |
2015-6-24 |
| -- |
TEOLOGIA |
| -- |
P35 |
| -- |
COMPRA |
| -- |
.STAFF. Colección General |
| 999 ## - NÚMEROS DE CONTROL DE SISTEMA (KOHA) |
| -- |
DEWEY |
| -- |
52485 |
| -- |
2017-2-9 |
| -- |
2019-12-11 |
| -- |
4 |
| -- |
DISCARD |
| -- |
BUL |
| -- |
1 |
| -- |
10.00 |
| -- |
2 |
| -- |
0 |
| -- |
Y |
| -- |
BOOK |
| -- |
2015-6-24 |
| -- |
TEOLOGIA |
| -- |
P35 |
| -- |
COMPRA |
| -- |
.STAFF. Colección Teología |
| 999 ## - NÚMEROS DE CONTROL DE SISTEMA (KOHA) |
| -- |
DEWEY |
| -- |
72128 |
| -- |
2022-5-17 |
| -- |
2021-11-11 |
| -- |
5 |
| -- |
CCODEBUL1 |
| -- |
BUL |
| -- |
2 |
| -- |
6.75 |
| -- |
1 |
| -- |
0 |
| -- |
Y |
| -- |
BOOK |
| -- |
2015-11-24 |
| -- |
TEOLOGIA |
| -- |
UNKNOWN |
| -- |
COMPRA |
| -- |
.STAFF. Colección General |
| 999 ## - NÚMEROS DE CONTROL DE SISTEMA (KOHA) |
| -- |
DEWEY |
| -- |
72129 |
| -- |
2018-3-28 |
| -- |
2021-11-11 |
| -- |
5 |
| -- |
CCODEBUL1 |
| -- |
BUL |
| -- |
1 |
| -- |
6.75 |
| -- |
0 |
| -- |
Y |
| -- |
BOOK |
| -- |
2015-11-24 |
| -- |
TEOLOGIA |
| -- |
UNKNOWN |
| -- |
COMPRA |
| -- |
.STAFF. Colección General |
| 999 ## - NÚMEROS DE CONTROL DE SISTEMA (KOHA) |
| -- |
DEWEY |
| -- |
72130 |
| -- |
2018-4-29 |
| -- |
2021-11-11 |
| -- |
5 |
| -- |
CCODEBUL1 |
| -- |
BUL |
| -- |
2 |
| -- |
6.75 |
| -- |
1 |
| -- |
0 |
| -- |
Y |
| -- |
BOOK |
| -- |
2015-11-24 |
| -- |
TEOLOGIA |
| -- |
UNKNOWN |
| -- |
COMPRA |
| -- |
.STAFF. Colección General |
| 999 ## - NÚMEROS DE CONTROL DE SISTEMA (KOHA) |
| -- |
DEWEY |
| -- |
72131 |
| -- |
2018-4-19 |
| -- |
2021-11-11 |
| -- |
5 |
| -- |
CCODEBUL1 |
| -- |
BUL |
| -- |
1 |
| -- |
6.75 |
| -- |
1 |
| -- |
0 |
| -- |
Y |
| -- |
BOOK |
| -- |
2015-11-24 |
| -- |
TEOLOGIA |
| -- |
UNKNOWN |
| -- |
COMPRA |
| -- |
.STAFF. Colección General |
| 999 ## - NÚMEROS DE CONTROL DE SISTEMA (KOHA) |
| -- |
DEWEY |
| -- |
72132 |
| -- |
2018-12-13 |
| -- |
2021-11-11 |
| -- |
5 |
| -- |
CCODEBUL1 |
| -- |
BUL |
| -- |
5 |
| -- |
6.75 |
| -- |
4 |
| -- |
0 |
| -- |
Y |
| -- |
BOOK |
| -- |
2015-11-24 |
| -- |
TEOLOGIA |
| -- |
P35 |
| -- |
COMPRA |
| -- |
.STAFF. Colección Teología |
| 999 ## - NÚMEROS DE CONTROL DE SISTEMA (KOHA) |
| -- |
DEWEY |
| -- |
72133 |
| -- |
2021-11-11 |
| -- |
5 |
| -- |
CCODEBUL1 |
| -- |
BUL |
| -- |
6.75 |
| -- |
0 |
| -- |
Y |
| -- |
BOOK |
| -- |
2015-11-24 |
| -- |
TEOLOGIA |
| -- |
UNKNOWN |
| -- |
COMPRA |
| -- |
.STAFF. Colección General |
| 999 ## - NÚMEROS DE CONTROL DE SISTEMA (KOHA) |
| -- |
DEWEY |
| -- |
72134 |
| -- |
2016-5-3 |
| -- |
2021-11-11 |
| -- |
5 |
| -- |
CCODEBUL1 |
| -- |
BUL |
| -- |
1 |
| -- |
6.75 |
| -- |
0 |
| -- |
Y |
| -- |
BOOK |
| -- |
2015-11-24 |
| -- |
TEOLOGIA |
| -- |
P35 |
| -- |
COMPRA |
| -- |
.STAFF. Colección Teología |
| 999 ## - NÚMEROS DE CONTROL DE SISTEMA (KOHA) |
| -- |
DEWEY |
| -- |
FT02265 |
| -- |
2019-11-8 |
| -- |
2018-12-12 |
| -- |
1 |
| -- |
CCODEBUT1 |
| -- |
BUT |
| -- |
4 |
| -- |
3.00 |
| -- |
0 |
| -- |
Y |
| -- |
BOOK |
| -- |
2016-10-26 |
| -- |
BIBLIOTECA |
| -- |
UNKNOWN |
| -- |
DONACION |
| -- |
.STAFF. Colección General |
| 999 ## - NÚMEROS DE CONTROL DE SISTEMA (KOHA) |
| -- |
DEWEY |
| -- |
CW52484 |
| -- |
2021-12-21 |
| -- |
2 |
| -- |
CCODECWL1 |
| -- |
BWL |
| -- |
10.00 |
| -- |
1 |
| -- |
Y |
| -- |
BOOK |
| -- |
2015-6-24 |
| -- |
WHITE |
| -- |
UNKNOWN |
| -- |
COMPRA |
| -- |
.STAFF. Centro White |
| 999 ## - NÚMEROS DE CONTROL DE SISTEMA (KOHA) |
| -- |
DEWEY |
| -- |
CW59475 |
| -- |
2021-12-21 |
| -- |
2 |
| -- |
CCODECWL1 |
| -- |
BWL |
| -- |
10.00 |
| -- |
1 |
| -- |
Y |
| -- |
BOOK |
| -- |
2017-10-30 |
| -- |
WHITE |
| -- |
UNKNOWN |
| -- |
COMPRA |
| -- |
.STAFF. Centro White |
| 999 ## - NÚMEROS DE CONTROL DE SISTEMA (KOHA) |
| -- |
DEWEY |
| -- |
FJ09584 |
| -- |
2018-3-19 |
| -- |
2022-2-3 |
| -- |
4 |
| -- |
CCODEBUJ1 |
| -- |
BUJ |
| -- |
1 |
| -- |
30.00 |
| -- |
3 |
| -- |
1 |
| -- |
Y |
| -- |
BOOK |
| -- |
2017-12-13 |
| -- |
BIBLIOTECA |
| -- |
UNKNOWN |
| -- |
COMPRA |
| -- |
.STAFF. Colección General Juliaca |
| 980 ## - EQUIVALENCIA O REFERENCIA-CRUZADA-MENCIÓN DE SERIE--NOMBRE DE PERSONA/TÍTULO [LOCAL, CANADÁ] |
| ID del último usuario que modificó el registro |
1 |
| Nombre del último usuario que modificó el registro |
ALBERTO SANCHEZ Responsable de Automatización |